The ABC of community law

Detalles Bibliográficos
Autor principal: Borchardt, Klaus-Dieter
Autor Corporativo: Unin̤ Europea. Oficina de Publicaciones Oficiales
Formato: Desconocido
Lenguaje:español
Publicado: [Luxemburgo] : European Union Publications Office, 2000
Materias:
Acceso en línea:Acceso restringido

MARC

LEADER 00000ny a22000003n 4500
005 2011062208168.0
008 080707s2000 sp s 000 0 spa c
020 |a 9789282878033 
035 |a 1778 
040 |a UMA.RE  |d vLex 
080 |a 34(4-672UE)(0.034) 
090 |c 978  |d 978 
100 1 |a Borchardt, Klaus-Dieter 
245 1 4 |a The ABC of community law  |h [Recurso electrn̤ico]  |c by Klaus-Dieter Borchardt 
256 |a Servicio en ln̕ea 
260 |a [Luxemburgo] :  |b European Union Publications Office,  |c 2000 
506 1 |a Contenido solo disponible en los productos indicados  |d vLex Global  |d vLex Global (Academic Edition, excluding Law Schools)  |d vLex Global (U.S. Academic Edition, Law Schools)  |d vLex Global (U.S. Academic Edition, excluding Law Schools)  |d vLex Global (Academic Edition, Law Schools) 
650 0 7 |a Comunitario  |2 Tesauro vLex 
710 1 |a Unin̤ Europea.  |b Oficina de Publicaciones Oficiales 
740 0 |a vLex Libros (Servicios en ln̕ea) 
856 4 0 |u http://vlex.com/source/1778  |z Acceso restringido 
942 |c BOOK